LEADER 01144nam0-2200385---450 001 990008528130403321 005 20190423144944.0 010 $a981-238-830-3$bvol. 1 035 $a000852813 035 $aFED01000852813 035 $a(Aleph)000852813FED01 035 $a000852813 100 $a20070614d2004----km-y0itay50------ba 101 0 $aeng 102 $aUS 105 $aa-------001yy 200 1 $aPrinciples of quantum computation and information$fGiuliano Benenti and Giulio Casati, Giuliano Strini 210 $aNew Jersey [etc.]$cWorld Scientific$dc2004 215 $av.$cill.$d23 cm 327 0 $a1.: Basic concepts 610 0 $aQuantum computing 610 0 $aAstronomia 610 0 $aAstrofisica 610 0 $aCosmologia 700 1$aBenenti,$bGiuliano$0306345 701 1$aCasati,$bGiulio$07721 701 1$aStrini,$bGiuliano$0502320 801 0$aIT$bUNINA$gRICA$2UNIMARC 901 $aBK 912 $a990008528130403321 952 $a22D-011$bD.S.F. 8906$fFI1 952 $a22D-011.001$b24924$fFI1 959 $aFI1 996 $aPrinciples of quantum computation and information$9733398 997 $aUNINA LEADER 01259nam0-22004331i-450 001 990010045180403321 005 20190516090359.0 010 $a978-88-299-2701-2 035 $a001004518 035 $aFED01001004518 035 $a(Aleph)001004518FED01 035 $a001004518 100 $a20160222d2015----km-y0itaa50------ba 101 0 $aita 102 $aIT 105 $aa---a---001yy 200 1 $aMedicina di laboratorio$eLogica e patologia clinica$fItalo Antonozzi, Elio Gulletta 205 $a2. ed. 210 $aPadova$cPiccin$d@2015 215 $aXXVII, 1300 p.$cill. (col.)$d26 cm 610 0 $aPatologia 610 0 $aDiagnosi e prognosi 610 0 $aDiagnosi di laboratorio 610 0 $aAnalisi mediche 676 $a616.07 700 1$aAntonozzi,$bItalo$0272917 701 1$aGulletta,$bElio$0361801 801 0$aIT$bUNINA$gRICA$2UNIMARC 901 $aBK 912 $a990010045180403321 952 $a616.07-ANT-1$bInt. 2015/245$fSC1 952 $a616.07-ANT-1A$bInt. 2015/246$fSC1 952 $a616.07-ANT-1B$bInt. 2015/247$fSC1 952 $a90 Q 1a 46$b438/2017$fFMEBC 952 $a90 Q 1a 52$b247/2019$fFMEBC 959 $aSC1 959 $aFMEBC 996 $aMedicina di laboratorio$91475162 997 $aUNINA